| Поле | Инд. | ПП | Название | Значение |
|---|---|---|---|---|
| Тип записи | a | |||
| Библиографический уровень | m | |||
| 001 | Контрольный номер | RU/LIBMSTU/370016564 | ||
| 005 | Дата корректировки | 20140505105446.4 | ||
| 020 | 00 | a | ISBN | 5-85020-149-1 |
| c | Цена, тираж | 4150 | ||
| 084 | a | Индекс другой классификации/Индекс ББК | 88.53+65.58 | |
| 090 | 00 | a | Полочн. индекс | 88 |
| x | Авторский знак | С 97 | ||
| 100 | 10 | a | Автор | Сэлэкьюз Д. У. |
| 245 | 00 | a | Заглавие | Секреты заключения международных сделок: Мастерство ведения переговоров |
| 260 | 00 | a | Место издания | Москва |
| b | Издательство | Бук Чембэр Интернэшнл | ||
| c | Дата издания | 1994 | ||
| 300 | 00 | a | Объем | 253 с. |
| 653 | 00 | a | Ключевые слова | Международные сделки |
| a | Ключевые слова | Переговоры | ||
| a | Ключевые слова | Психология |